Ropa a finančné deriváty
Ropa (crude oil) ako najviac obchodovaná komodita na svete. Charakteristika ropy. Ropné produkty. Svetové značky ropy. Prehľad cien vybraných druhov ropy. Dokázané zásoby ropy. Svetové zásoby ropy, vývoj od roku 1980-2006 (v miliardách barelov). Produkcia krajín OPEC a non-OPEC 1960-2025 v miliónoc...
Uložené v:
| Hlavný autor: | |
|---|---|
| Médium: | Kapitola |
| Jazyk: | Slovak |
| Predmet: | |
| Tagy: |
Žiadne tagy, Buďte prvý, kto otaguje tento záznam!
|
MARC
| LEADER | 00000nla$a2200000$$$4500 | ||
|---|---|---|---|
| 001 | 0065337 | ||
| 005 | 20231121080722.7 | ||
| 041 | 0 | |a slo | |
| 044 | |a SK | ||
| 245 | 1 | 0 | |a Ropa a finančné deriváty |c Rastislav Petruška |
| 520 | |a Ropa (crude oil) ako najviac obchodovaná komodita na svete. Charakteristika ropy. Ropné produkty. Svetové značky ropy. Prehľad cien vybraných druhov ropy. Dokázané zásoby ropy. Svetové zásoby ropy, vývoj od roku 1980-2006 (v miliardách barelov). Produkcia krajín OPEC a non-OPEC 1960-2025 v miliónoch barelov za deň. Dopyt po rope. Svetová spotreba ropy podľa sektorov (predpoveď do roku 2030 v miliónoch barelov/deň. | ||
| 610 | 2 | 0 | |a komodity |
| 610 | 2 | 0 | |a trh finančný |
| 610 | 2 | 0 | |a produkcia |
| 610 | 2 | 0 | |a ropa |
| 610 | 2 | 0 | |a ceny |
| 100 | 1 | |a Petruška, Rastislav | |